Ekonomický informačný systém a manažérske účtovníctvo
Najdôležitejšie úlohy rozpočtovníctva vo väzbe na manažérske účtovníctvo.
Salvato in:
| Autore principale: | |
|---|---|
| Natura: | Capitolo di libro |
| Lingua: | slovacco |
| Soggetti: | |
| Tags: |
Nessun Tag, puoi essere il primo ad aggiungerne!!
|
MARC
| LEADER | 00000naa a2200000 4500 | ||
|---|---|---|---|
| 001 | 0210040 | ||
| 005 | 20231120130640.2 | ||
| 041 | 0 | |a slo | |
| 044 | |a SK | ||
| 245 | 1 | 0 | |a Ekonomický informačný systém a manažérske účtovníctvo |c Oľga Poniščiaková |
| 520 | |a Najdôležitejšie úlohy rozpočtovníctva vo väzbe na manažérske účtovníctvo. | ||
| 610 | 2 | 0 | |a rozpočtovníctvo |
| 610 | 2 | 0 | |a systémy informačné |
| 610 | 2 | 0 | |a účtovníctvo manažérske |
| 100 | 1 | |a Poniščiaková, Oľga | |